000 003700000a22001570004500
003 LK-CoMWRAF
008 230817t ||||| |||| 00| 0 eng d
040 _aLK-CoMWRAF
_dLK-CoMWRAF
_eLK-CoMWRAF
041 _aeng
082 _a152.8
_bNOO
100 _aNoorunnisha, K.
245 _aMooda Nambikkai
_b
260 _bMuneera
_aIndia
_c2005
300 _ap.64
942 _cBK
999 _c1005
_d1005